Cross-border marriages : gender and mobility in transnational Asia /

Bibliographic Details
Other Authors: Constable, Nicole
Format: Book
Language:English
Published: Philadelphia : University of Pennsylvania Press, [2005]
Subjects:

MARC

Tag First Indicator Second Indicator Subfields
LEADER 00000cam a22000004a 4500
001 in00002012255
005 20151031155015.0
008 040517s2005 pau b s001 0 eng
010 |a  2004052017 
020 |a 0812238303 (cloth : alk. paper) 
020 |a 0812218914 
020 |a 0812238311 (cloth : alk. paper) 
035 |a (OCoLC)ocm55510336 
040 |a DLC  |c DLC  |d TXA  |d UtOrBLW 
042 |a pcc 
043 |a a------ 
049 |a TXAM 
050 0 0 |a HQ1032  |b .C67 2005 
082 0 0 |a 306.84/5/095  |2 22 
245 0 0 |a Cross-border marriages :  |b gender and mobility in transnational Asia /  |c edited by Nicole Constable. 
264 1 |a Philadelphia :  |b University of Pennsylvania Press,  |c [2005] 
264 4 |c ©2005 
300 |a vi, 220 pages ;  |c 24 cm. 
336 |a text  |b txt  |2 rdacontent 
337 |a unmediated  |b n  |2 rdamedia 
338 |a volume  |b nc  |2 rdacarrier 
504 |a Includes bibliographical references (pages [199]-210) and index. 
505 0 |a Introduction : Cross-border marriages, gendered mobility, and global hypergamy / Nicole Constable -- Cross-border hypergamy? Marriage exchanges in a transnational Hakka community / Ellen Oxfeld -- Cautionary tales : marriage strategies, state discourse, and women's agency in a Naxi village in southwestern China / Emily Chao -- Marrying out of place : Hmong/Miao women across and beyond China / Louisa Schein -- Marrying up and marrying down : the paradoxes of marital mobility for Chosŏnjok brides in South Korea / Caren Freeman -- A failed attempt at transnational marriage : maternal citizenship in a globalizing South Korea / Nancy Abelmann and Hyunhee Kim -- Tripartite desires : Filipina-Japanese marriages and fantasies of transnational traversal / Nobue Suzuki -- Clashing dreams in the Vietnamese diaspora : highly educated overseas brides and low-wage U.S. husbands / Hung Cam Thai -- A tale of two marriages : international matchmaking and gendered mobility / Nicole Constable. 
650 0 |a Intercountry marriage. 
650 0 |a Intercountry marriage  |z Asia. 
650 0 |a Social mobility. 
650 0 |a Women  |z Asia. 
650 0 |a Asians  |z Foreign countries. 
700 1 |a Constable, Nicole. 
948 |a cataloged  |b h  |c 2004/12/22  |d c  |e dmitchel  |f 2:00:00 pm 
994 |a E0  |b TXA 
999 |a MARS 
999 f f |s cb2e247e-6c51-3205-9b43-8034e55b5227  |i 72bc726b-b203-3ddd-9ad5-356b61360f5c  |t 0 
952 f f |p normal  |a Texas A&M University  |b College Station  |c Sterling C. Evans Library  |d Evans: Library Stacks  |t 0  |e HQ1032 .C67 2005  |h Library of Congress classification  |i unmediated -- volume  |m A14831643935 
998 f f |a HQ1032 .C67 2005  |t 0  |l Evans: Library Stacks